Psychology : (Record no. 313)
[ view plain ]
| 000 -LEADER | |
|---|---|
| fixed length control field | 01055cam a2200337 a 4500 |
| 003 - CONTROL NUMBER IDENTIFIER | |
| control field | CaOOAMICUS |
| 005 - DATE AND TIME OF LATEST TRANSACTION | |
| control field | 20210611085149.0 |
| 008 - FIXED-LENGTH DATA ELEMENTS--GENERAL INFORMATION | |
| fixed length control field | 100927s2011 oncac b 001 0deng |
| 020 ## - INTERNATIONAL STANDARD BOOK NUMBER | |
| International Standard Book Number | 9780070005266 |
| 040 ## - CATALOGING SOURCE | |
| Transcribing agency | CaOONL |
| 050 ## - LIBRARY OF CONGRESS CALL NUMBER | |
| Classification number | BF121 |
| Item number | .P833 2011 |
| 055 01 - CLASSIFICATION NUMBERS ASSIGNED IN CANADA | |
| Classification number | BF121 |
| 055 #0 - CLASSIFICATION NUMBERS ASSIGNED IN CANADA | |
| Classification number | BF121 |
| Item number | P833 2011 |
| 090 ## - LOCALLY ASSIGNED LC-TYPE CALL NUMBER (OCLC); LOCAL CALL NUMBER (RLIN) | |
| Classification number (OCLC) (R) ; Classification number, CALL (RLIN) (NR) | 150 PSY |
| 245 00 - TITLE STATEMENT | |
| Title | Psychology : |
| Remainder of title | frontiers and applications / |
| Statement of responsibility, etc. | Michael W. Passer ... [and others]. |
| 250 ## - EDITION STATEMENT | |
| Edition statement | Fourth Canadian edition |
| 260 ## - PUBLICATION, DISTRIBUTION, ETC. | |
| Place of publication, distribution, etc. | [Toronto] : |
| Name of publisher, distributor, etc. | McGraw-Hill Ryerson, |
| Date of publication, distribution, etc. | c2011. |
| 300 ## - PHYSICAL DESCRIPTION | |
| Extent | xxi, [823] pages : |
| Other physical details | illustrations (chiefly color), portraits ; |
| Dimensions | 29 cm. |
| 336 ## - CONTENT TYPE | |
| Content type term | text |
| Content type code | txt |
| Source | rdacontent |
| 337 ## - MEDIA TYPE | |
| Media type term | unmediated |
| Media type code | n |
| Source | rdamedia |
| 338 ## - CARRIER TYPE | |
| Carrier type term | volume |
| Carrier type code | nc |
| Source | rdacarrier |
| 504 ## - BIBLIOGRAPHY, ETC. NOTE | |
| Bibliography, etc. note | Includes bibliographical references (p. R1-R55) and indexes. |
| 650 #0 - SUBJECT ADDED ENTRY--TOPICAL TERM | |
| Topical term or geographic name entry element | Psychology |
| Form subdivision | Textbooks. |
| 700 1# - ADDED ENTRY--PERSONAL NAME | |
| Personal name | Passer, Michael W. |
| 910 ## - USER-OPTION DATA (OCLC) | |
| User-option data | Canadian |
| 942 ## - ADDED ENTRY ELEMENTS (KOHA) | |
| Source of classification or shelving scheme | |
| Koha item type | Book |
| Suppress in OPAC | SO |
| Withdrawn status | Lost status | Source of classification or shelving scheme | Damaged status | Not for loan | Permanent Location | Current Location | Shelving location | Date acquired | Total Checkouts | Full call number | Barcode | Date last seen | Copy number | Price effective from | Koha item type | Public note | Date last checked out | Source of acquisition |
|---|---|---|---|---|---|---|---|---|---|---|---|---|---|---|---|---|---|---|
| AU LIBRARY | AU LIBRARY | Open Shelf | 11.06.2021 | BF121 .P833 2011 C1 | 28000910 | 11.06.2021 | 1 | 11.06.2021 | Book | SO | ||||||||
| AU LIBRARY | AU LIBRARY | Open Shelf | 11.06.2021 | BF121 .P833 2011 C2 | 28000899 | 11.06.2021 | 2 | 11.06.2021 | Book | SO | ||||||||
| AU LIBRARY | AU LIBRARY | Open Shelf | 11.06.2021 | 1 | BF121 .P833 2011 C3 | 28001429 | 28.11.2023 | 3 | 11.06.2021 | Book | SO | 14.11.2023 | ||||||
| AU LIBRARY | AU LIBRARY | Open Shelf | 14.06.2021 | BF121 .P833 2011 C4 | 28000857 | 14.06.2021 | 4 | 14.06.2021 | Book | SO | ||||||||
| AU LIBRARY | AU LIBRARY | Open Shelf | 14.06.2021 | BF121 .P833 2011 C5 | 28000911 | 14.06.2021 | 5 | 14.06.2021 | Book | SO | ||||||||
| AU LIBRARY | AU LIBRARY | Open Shelf | 09.08.2021 | BF121 .P833 2011 C6 | 28000885 | 09.08.2021 | 6 | 09.08.2021 | Book | JO | DONATION FROM MOI UNIVERSITY | |||||||
| AU LIBRARY | AU LIBRARY | Open Shelf | 09.08.2021 | BF121 .P833 2011 C7 | 28001428 | 09.08.2021 | 7 | 09.08.2021 | Book | JO | DONATION FROM MOI UNIVERSITY | |||||||
| AU LIBRARY | AU LIBRARY | Open Shelf | 09.08.2021 | BF121 .P833 2011 C8 | 28001427 | 09.08.2021 | 8 | 09.08.2021 | Book | JO | DONATION FROM MOI UNIVERSITY | |||||||
| AU LIBRARY | AU LIBRARY | Open Shelf | 09.08.2021 | BF121 .P833 2011 C9 | 28001430 | 09.08.2021 | 9 | 09.08.2021 | Book | JO | DONATION FROM MOI UNIVERSITY |